000 00553nam a22001817a 4500
005 20241122130328.0
008 241122b |||||||| |||| 00| 0 eng d
020 _a9780273728610
050 _aHD58.7
_b.M91 MUL
100 _aMullins Laurie J.
245 _aManagement & Organisational Behavior/
_cLaurie J. Mullins
250 _a9th Ed.
260 _aHarlow:
_bPearson Education Ltd.:
_c2010
300 _axxxii. 860p.:
_bill. col.:
_c26.5 cm x 19.5 cm
500 _aIncludes Index
650 _2Organisational Behavior
942 _2lcc
_cBK
_e9th Ed.
_n0
999 _c1430
_d1430